<?xml version="1.0" encoding="UTF-8"?>
<record
    xmlns:xsi="http://www.w3.org/2001/XMLSchema-instance"
    xsi:schemaLocation="http://www.loc.gov/MARC21/slim http://www.loc.gov/standards/marcxml/schema/MARC21slim.xsd"
    xmlns="http://www.loc.gov/MARC21/slim">

  <leader>01776 am a2200361 a 4500</leader>
  <controlfield tag="005">20240524091946.0</controlfield>
  <controlfield tag="008">100330s1993||||ag #   f l   s001 0 spa d</controlfield>
  <datafield tag="020" ind1=" " ind2=" ">
    <subfield code="a">S/N</subfield>
  </datafield>
  <datafield tag="041" ind1=" " ind2=" ">
    <subfield code="a">spa</subfield>
  </datafield>
  <datafield tag="092" ind1=" " ind2=" ">
    <subfield code="c">618.2</subfield>
    <subfield code="l">68</subfield>
    <subfield code="s">PRO</subfield>
  </datafield>
  <datafield tag="110" ind1="1" ind2=" ">
    <subfield code="a">Argentina. Ministerio de Salud y Acci&#xF3;n Social de la Naci&#xF3;n. </subfield>
    <subfield code="b">Direccion de Maternidad e Infancia.</subfield>
    <subfield code="9">596</subfield>
  </datafield>
  <datafield tag="245" ind1=" " ind2=" ">
    <subfield code="a">Propuesta Normativa Perinatal.</subfield>
    <subfield code="b">T.2 Atenci&#xF3;n de las Patolog&#xED;as Perinatales Prevalentes /</subfield>
    <subfield code="c">Ministerio de Salud y Acci&#xF3;n Social de la Naci&#xF3;n.</subfield>
  </datafield>
  <datafield tag="250" ind1=" " ind2=" ">
    <subfield code="a">1a ed.</subfield>
  </datafield>
  <datafield tag="260" ind1=" " ind2=" ">
    <subfield code="a">Buenos Aires: </subfield>
    <subfield code="b">Ministerio de Salud y Acci&#xF3;n Social de la Naci&#xF3;n;</subfield>
    <subfield code="c">1993.</subfield>
  </datafield>
  <datafield tag="300" ind1=" " ind2=" ">
    <subfield code="a">286 p.</subfield>
  </datafield>
  <datafield tag="500" ind1=" " ind2=" ">
    <subfield code="a">Argentina. Ministerio de Salud y Acci&#xF3;n Social de la Naci&#xF3;n (1993). Propuesta Normativa Perinatal. T.2 Atenci&#xF3;n de las Patolog&#xED;as Perinatales Prevalentes. (1a ed.). Buenos Aires : Ministerio de Salud y Acci&#xF3;n Social de la Naci&#xF3;n.</subfield>
  </datafield>
  <datafield tag="653" ind1=" " ind2=" ">
    <subfield code="a">Estados hipertensivos del embarazo</subfield>
  </datafield>
  <datafield tag="653" ind1=" " ind2=" ">
    <subfield code="a">Diabetes y embarazo</subfield>
  </datafield>
  <datafield tag="653" ind1=" " ind2=" ">
    <subfield code="a">Hemorragias durante el periodo perinatal</subfield>
  </datafield>
  <datafield tag="653" ind1=" " ind2=" ">
    <subfield code="a">Anomalias de la duraci&#xF3;n del embarazo</subfield>
  </datafield>
  <datafield tag="653" ind1=" " ind2=" ">
    <subfield code="a">Retardo de crecimiento intrauterino</subfield>
  </datafield>
  <datafield tag="653" ind1=" " ind2=" ">
    <subfield code="a">Infecciones perinatales</subfield>
  </datafield>
  <datafield tag="653" ind1=" " ind2=" ">
    <subfield code="a">Patolog&#xED;as maternas y sufrimiento fetal</subfield>
  </datafield>
  <datafield tag="653" ind1=" " ind2=" ">
    <subfield code="a">Anexo I: frecuencia de las patolog&#xED;as maternas prevalentes</subfield>
  </datafield>
  <datafield tag="653" ind1=" " ind2=" ">
    <subfield code="a">Anexo II: tasas de mortalidad perinatal seg&#xFA;n patolog&#xED;as prevalentes</subfield>
  </datafield>
  <datafield tag="653" ind1=" " ind2=" ">
    <subfield code="a">Anexo III: tablas de medidas ecogr&#xE1;ficas natales</subfield>
  </datafield>
  <datafield tag="653" ind1=" " ind2=" ">
    <subfield code="a">Anexo IV: definiciones de indicadores perinatales</subfield>
  </datafield>
  <datafield tag="653" ind1=" " ind2=" ">
    <subfield code="a">Anexo V: zidovudina para reducir la transmisi&#xF3;n perinatal del HIV</subfield>
  </datafield>
  <datafield tag="653" ind1=" " ind2=" ">
    <subfield code="a">Anexo VI: medicamentos administrados durante el embarazo y sus riesgos potenciales en el feto</subfield>
  </datafield>
  <datafield tag="930" ind1=" " ind2=" ">
    <subfield code="a">394</subfield>
  </datafield>
  <datafield tag="930" ind1=" " ind2=" ">
    <subfield code="a">2104</subfield>
  </datafield>
  <datafield tag="942" ind1=" " ind2=" ">
    <subfield code="2">ddc</subfield>
    <subfield code="c">BK</subfield>
  </datafield>
  <datafield tag="999" ind1=" " ind2=" ">
    <subfield code="c">205</subfield>
    <subfield code="d">205</subfield>
  </datafield>
  <datafield tag="952" ind1=" " ind2=" ">
    <subfield code="0">0</subfield>
    <subfield code="1">0</subfield>
    <subfield code="2">ddc</subfield>
    <subfield code="4">0</subfield>
    <subfield code="7">0</subfield>
    <subfield code="8">REF</subfield>
    <subfield code="a">BFM</subfield>
    <subfield code="b">BFM</subfield>
    <subfield code="c">REF</subfield>
    <subfield code="d">2011-05-13</subfield>
    <subfield code="l">2</subfield>
    <subfield code="o">618.2 68 PRO</subfield>
    <subfield code="p">394</subfield>
    <subfield code="r">2014-11-06</subfield>
    <subfield code="s">2012-10-18</subfield>
    <subfield code="t">ej.1</subfield>
    <subfield code="w">2011-05-13</subfield>
    <subfield code="y">REF</subfield>
    <subfield code="z">LIBRO DE CONSULTA</subfield>
  </datafield>
  <datafield tag="952" ind1=" " ind2=" ">
    <subfield code="0">0</subfield>
    <subfield code="1">0</subfield>
    <subfield code="4">0</subfield>
    <subfield code="7">0</subfield>
    <subfield code="a">BFM</subfield>
    <subfield code="b">BFM</subfield>
    <subfield code="c">CR</subfield>
    <subfield code="d">2011-05-13</subfield>
    <subfield code="l">10</subfield>
    <subfield code="m">2</subfield>
    <subfield code="o">618.2 68 PRO</subfield>
    <subfield code="p">2104</subfield>
    <subfield code="r">2015-04-09</subfield>
    <subfield code="s">2015-04-07</subfield>
    <subfield code="t">ej.2</subfield>
    <subfield code="w">2011-05-13</subfield>
    <subfield code="y">BK</subfield>
  </datafield>
  <datafield tag="952" ind1=" " ind2=" ">
    <subfield code="0">0</subfield>
    <subfield code="1">0</subfield>
    <subfield code="2">ddc</subfield>
    <subfield code="4">0</subfield>
    <subfield code="7">0</subfield>
    <subfield code="a">BFM</subfield>
    <subfield code="b">BFM</subfield>
    <subfield code="c">CR</subfield>
    <subfield code="d">2017-08-14</subfield>
    <subfield code="e">Donaci&#xF3;n Griselda Saulino, Agosto 2017.</subfield>
    <subfield code="l">1</subfield>
    <subfield code="o">618.2 68 PRO</subfield>
    <subfield code="p">3887</subfield>
    <subfield code="r">2019-04-04</subfield>
    <subfield code="s">2017-08-29</subfield>
    <subfield code="t">Ej.3</subfield>
    <subfield code="w">2017-08-14</subfield>
    <subfield code="y">BK</subfield>
    <subfield code="z">Donaci&#xF3;n Griselda Saulino, Agosto 2017.</subfield>
  </datafield>
  <datafield tag="952" ind1=" " ind2=" ">
    <subfield code="0">0</subfield>
    <subfield code="1">0</subfield>
    <subfield code="2">ddc</subfield>
    <subfield code="4">0</subfield>
    <subfield code="7">0</subfield>
    <subfield code="a">BFM</subfield>
    <subfield code="b">BFM</subfield>
    <subfield code="c">CR</subfield>
    <subfield code="d">2019-03-12</subfield>
    <subfield code="e">Donaci&#xF3;n Franco Rueda, marzo 2019</subfield>
    <subfield code="l">0</subfield>
    <subfield code="o">618.2 68 PRO</subfield>
    <subfield code="p">4414</subfield>
    <subfield code="r">2019-03-12</subfield>
    <subfield code="t">Ej.4</subfield>
    <subfield code="w">2019-03-12</subfield>
    <subfield code="y">BK</subfield>
    <subfield code="z">Donaci&#xF3;n Franco Rueda, marzo 2019</subfield>
  </datafield>
</record>
